• 首页
  • 本馆介绍
  • 公告通知
  • 最新文献
  • 馆藏检索
  • 电子资源
  • 读者导购
  • 参考咨询
  • 我的图书馆
  • 登录
  • 详细信息显示
  • 放入我的书架
  • 预约/预借图书
  • 作者相关作品
  • 分类相关作品
  • 丛书相关作品
  • 出版社相关作品

书目信息

  • 表格格式
  • 工作单格式
  • 卡片格式
题名:
生命伦理学
    
 
作者: 印仁宗 著
分册:  
出版信息: 上海   上海人民出版社  1987
页数: 308页
开本: 20cm
丛书名: 新学科丛书
单 册:
中图分类: R-05
科图分类:
主题词: 医药学--关系
电子资源:
ISBN:
000 00673nam2 2200265 45
001 0187014174
005 20040524091523.6
010    @dCNY2.30
091    @a2074.501
100    @a19951123d1987 em y0chiy0121 ea
101 0  @achi
102    @aCN@b310000
105    @ay z 000yy
106    @ar
200 10 @a生命伦理学@Asheng ming lun li xue@f印仁宗著
210    @a上海@c上海人民出版社@d1987
215    @a308页@d20cm
225 2  @a新学科丛书
410  0 @120010@a新学科丛书
606 0  @a医药学@x关系
690    @aR-05
701  0 @a印仁宗@4著@Ayin ren zong
801  0 @aCN@b深圳图书馆@c20040524
801  2 @aCN@bNLC@c20040524
905    @f2@b204903-904@dR-05@e22
    
    生命伦理学/印仁宗著.-上海:上海人民出版社,1987
    308页;20cm.-(新学科丛书)
    
    
    ISBN :CNY2.30
    
●
相关链接 在E读中查询图书 在五车中查询图书 在当当中查询图书 在豆瓣中查询图书


正题名:生命伦理学     索取号:R-05/22         预约/预借

序号 登录号 条形码 馆藏地/架位号 状态 备注
1 0204903   000704125   第三借阅区/ [索取号:R-05/22] 在馆    
2 0204904   000704081   第三借阅区/ [索取号:R-05/22] 在馆    
唐山师范学院图书馆 欢迎您!
大连网信软件有限公司© 版权所有